000 00329nam a22001337a 4500
008 170202b xxu||||| |||| 00| 0 eng d
020 _a9780309107693
041 _aeng
080 _a61
100 _a3
101 _aSHM
245 _aETHICAL AND LEGAL CONSIDERATIONS IN MITIGATING PANDEMIC DISEASE
_cLEMON, S.M
942 _2udc
_cBK
999 _c4326
_d4326